Viajes al otro mundo : (ciclos de aventuras oníricas de Randolph Carter) /

Incluye los relatos: La declaración de Randolph Carter, La llave de plata, A través de las puertas de la llave de plata (que coescribió junto con H. Hoffmann Price) y En busca de la ciudad del sol poniente.

Zapisane w:
Opis bibliograficzny
1. autor: Lovecraft, H.P (autor)
Kolejni autorzy: Hoffmann Price, Edgar (autor) (autor), Llopis, Rafael (edición y prólogo) (edición y prólogo)
Format: Książka
Język:hiszpański
Wydane: Madrid, España : Alianza, 1971, c1971
Seria:(El Libro de Bolsillo ; Literatura) 306.
Hasła przedmiotowe:
Etykiety: Dodaj etykietę
Nie ma etykietki, Dołącz pierwszą etykiete!

MARC

LEADER 00000nam^a2200000^a^4500
001 000561873
005 20250521000000.0
009 20260310131932.941
037 |a Acervo ITESO - Biblioteca 
041 |a ESP 
082 |a 813.  |b LOV 
100 |a Lovecraft, H.P.  |e (autor) 
245 1 0 |a Viajes al otro mundo :  |b (ciclos de aventuras oníricas de Randolph Carter) /  |c H.P. Lovecraft, E. Hoffmann Price ; ed. y pról. de R. Llopis ; tr. por F. Torres Oliver. 
264 4 |a Madrid, España :  |b Alianza,  |c 1971, c1971 
300 |a 218 p. 
336 |a texto  |b txt  |2 rdacontenido 
337 |a sin mediación  |b n  |2 rdamedio 
338 |a volumen  |b nc  |2 rdasoporte 
440 4 |a (El Libro de Bolsillo ;  |v 306.  |p Literatura) 
520 |a Incluye los relatos: La declaración de Randolph Carter, La llave de plata, A través de las puertas de la llave de plata (que coescribió junto con H. Hoffmann Price) y En busca de la ciudad del sol poniente. 
545 0 |a Howard Phillips Lovecraft (Providence, Rhode Island, 1890-1937), escritor norteamericano. Publicó sus narraciones de horror y ciencia ficción en revistas especializadas y no fue sino hasta después de su muerte, ocurrida en 1937, que empezaron a aparecer en forma de libros y su autor fue ubicado como uno de los más importantes exponentes de la literatura fantástica. Los cuentos La llamada de Cthulhu (1928), El horror de Dunwich (1928) y Los sueños en la casa embrujada (1933), la novela corta Las montañas de la locura (1936) y el ensayo El horror sobrenatural en la literatura (1927) destacan en la obra de Lovecraft, que refleja la influencia de Edgar Allan Poe y de la tradición gótica. El autor norteamericano creó una narrativa en la que el terror aparece cuando se produce una fisura en la frágil frontera que separa al mundo en apariencia ordenado, estable, racional y consciente y a un ámbito numinoso, terrible, subconsciente y obscuro. 
561 |a Ex libris de Juan Diego Castillo 
561 |a Ex libris manuscrito de Luz Amelia Iglesias 
649 |a XX 
650 |a Seres Fantásticos en la Literatura 
650 |a Cuentos Fantásticos -  |z EUA 
650 |a Cuentos Norteamericanos 
650 |a Literatura Norteamericana -  |y Siglo XX 
650 |a Literatura Fantástica -  |z EUA 
650 |a Psicología y Literatura -  |z EUA 
700 |a Hoffmann Price, Edgar  |e (autor) 
700 |a Llopis, Rafael  |e (edición y prólogo) 
910 |a Fondo Castillo-Martínez 
920 |a Impresos - Libros 
930 |a Fondos Especiales 
940 |a Literatura 
905 |a 127 
901 |a 0500346783  |b IT2  |c ESP  |i D125613  |u 20250521 
902 |a https://opac.biblio.iteso.mx/vufind/Record/000561873